00966nam a2200277Ia 4500001000900000003000500009005001700014008004100031010001100072040000900083082001400092100003800106245009900144260003000243300001000273500001600283650005100299650005600350650005500406901001400461902000600475905006300481942001500544999001900559952011000578dia_1808CHAP20251021154426.0220117s1976 xx 000 0 und d a172346 cCHAP a631.44 C3 aCuanalo de la Cerda, H.E.9151604 aLevantamiento de Suelos de la Cuenca de Chalco, H.E. Cuanalo de la Cerda y C.A. Ortiz Solorio. aChapingo, Mex. C.P.c1976 a71 p. aDonación. aSuelosx análisisx México (edo). 9151605 aSuelosx clasificaciónx méxico (edo). 9110255 aSuelosx reconocimientox Méxicox (edo)9151606 a631.44 C3 aM a0000001976 MEX 0000000000ESP00 cLIBRO2ddc c172346d172346 00102ddc40708GRALaIA_bIA_c1d2022-01-18f1l0pdia_1156r2022-01-18 00:00:00t1w2022-01-18yLIBRO